Normal view
MARC view
- Deen Kumar Ranjan
Entry Personal Name
001 - CONTROL NUMBER
- control field: 994
003 - CONTROL NUMBER IDENTIFIER
- control field: OSt
005 - DATE AND TIME OF LATEST TRANSACTION
- control field: 20160718121854.0
008 - FIXED-LENGTH DATA ELEMENTS
- fixed length control field: 160718|| aca||aabn | a|a d
040 ## - CATALOGING SOURCE
- Original cataloging agency: OSt
- Transcribing agency: OSt
100 ## - HEADING--PERSONAL NAME
- Personal name: Deen Kumar Ranjan
670 ## - SOURCE DATA FOUND
- Source citation: Work cat.: (OSt): Deen Kumar Ranjan, Biotechnology in Agriculture and Food Processing Prospects For the 21 st Century, 2015
